'A' Cartoon Characters by Picture Quiz Stats

Quiz Updated Apr 5, 2016

Also try: 'A' Food Pictures
Challenge
Share
Tweet
Score 0/20 Timer 06:00
3 Plays Today
Column Character % Correct
Ariel
95.3%
Aladdin
93%
Alice
91.8%
Alvin
90.5%
Arthur Read
82.9%
Anna
75.8%
Aquaman
74.3%
Arnold
72.7%
Angelica Pickles
68.6%
Apu Nahasapeemapetilon
67.3%
Column Character % Correct
Ash Ketchum
65.3%
Anastasia
61.6%
Aang
60%
Archie Andrews
59.3%
Astroboy
47.4%
Alfred Pennyworth
46.7%
Andy Capp
32.6%
Asterix
28.9%
Atom Ant
24.6%
Azrael
13.3%

You're not logged in!

Compare scores with friends on all Sporcle quizzes.
Join for Free
OR
Log In

You Might Also Like...

Show Comments

Extras

Top Quizzes Today


Score Distribution

Your Account Isn't Verified!

In order to create a playlist on Sporcle, you need to verify the email address you used during registration. Go to your Sporcle Settings to finish the process.

Report this User

Report this user for behavior that violates our Community Guidelines.

Details: